000 01004nam a2200265 a 4500
001 000034809
005 20260114102846.0
008 111020s1958 ag 000 0 spa d
040 _aDO-SdBNP
_bspa
_cBNPHU
082 _a150
_bM137p, 1958
100 1 _aMcdougall, William,
_d1871-1938
_960323
240 1 0 _aPsychology, the study of behaviour
_lEspañol
245 1 0 _aIntroducción a la psicología :
_bestudio de la conducta /
_cWilliam Mcdougall ; prólogo y traducción d Horacio Rimoldi.
250 _a2a ed.
260 _aBuenos Aires :
_bPaidos,
_c1958.
300 _a216 p. ;
_c18 cm.
490 1 _aBiblioteca del hombre contemporáneo
_v22
500 _aTraducido del inglés
590 _aPerteneció a la biblioteca personal de Juan Isidro Jimenes Grullón.
650 0 _aPsicología
_9152
650 0 _aConducta (Psicología)
_9673
700 1 _aRimoldi, Horacio,
_etr.
_960324
830 0 _aBiblioteca del hombre contemporáneo
_v22
_951036
910 _aValidado. Control de calidad BNPHU
999 _c34300
_d34300